000 00859cad a22001935a 4500
001 L151901
008 101220s2010 xxk f 000 0 eng d
035 _a(Sirsi) u151901
041 0 _aeng
110 2 _aUnited Kingdom
_bDepartment of Energy and Climate Change
_95850
245 0 4 _aThe Green Deal
_ba summary of the government's proposals
_h[electronic resource]
260 _a[S.l.]
_bDECC
_c2010
520 _aGreen Deal details. The scheme due to start in 2012 will give consumers and businesses the opportunity to make energy efficiency improvements with no upfront costs.
590 _aKA NTK
651 4 _aEngland
_y886-
690 _aBUILT ENVIRONMENT-CONSTRUCTION MARKET
856 4 0 _uhttps://www.decc.gov.uk/assets/decc/legislation/energybill/1010-green-deal-summary-proposals.pdf
_zView the item free of charge at: www.decc.gov.uk
942 _n0
999 _c111719
_d111719